000 00968nam0a2200289 4500
001 RU\NLR\BIBL_A\022432992
005 20250625232904.0
010 _93000
035 _a(NLR Aleph) 022432992
090 _a13346143
_c13346143
100 _a20250122d1926 |||y0rusy50 ca
101 0 _akhk
_crus
102 _aRU
105 _aa z 000 y
181 0 _ai
_baxxe
182 0 _an
200 1 _aХакастыҥ пастагы пӧгин пичи
_gпу пичикти пӱдӱргэн К. К. Самрин
203 _aТекст
_bвизуальный
_cнепосредственный
210 _aМосква
_cЦентр. изд-во народов СССР
_d1926
215 _a77 с.
_cил.
_d26
541 1 _aАрифметический задачник для 1-го года обучения
_zrus
686 1 _aВ10 я7
702 1 _aСамрин
_bК. К.
_4220
852 _aNLR
_bОНЛ
_jХакас./4-8
942 _cBOOK
980 _aNB